Les Cinquante saison 2 - Statistiques

Statistiques générales
  • Ce quiz a été pris 153 fois
  • Le résultat moyen est 42 sur 55
Statistiques - réponses
Par images Réponse % Correct
Bastos
99%
Cassandra
97%
Julie
97%
Nacca/Anthony
97%
Anthony
94%
Mélanie
94%
Gabriel
93%
Julien
93%
Simon
93%
Amélie
92%
Maissane
92%
Manon
92%
Vivian
92%
Eloise
90%
Frédérique
90%
Giovanni
90%
Alex
89%
Greg
87%
Jessica
87%
Anaïs
85%
Stéphanie
84%
Louana
83%
Marjolaine
82%
Stéphane
82%
Emilie
81%
Montaine
81%
Nicolas
81%
Romain
81%
Romane
81%
Gary
80%
Tressia
79%
Cindy
78%
Enzo
78%
Fabrice
78%
Jade
78%
Kamel
74%
Colette
72%
Jennyfer
71%
Edgar
70%
Ludivine
70%
Zaven
66%
Jamel
63%
Mathias
61%
Scott
60%
Antoine
58%
Myriam
58%
Coralie
57%
Vanessa
56%
Thomas
54%
Anissa
53%
Flo
49%
Cécile
47%
Perrine
46%
Lindsay
42%
Vitale
40%
Aucun quiz correspondant
Distribution des résultats
% des personnes avec chaque résultat
Percentile par nombre de réponses
Votre historique - résultats
Vous n’avez pas pris ce quiz